Countries That Border - Instant Death - Statistics

General Stats
  • This quiz has been taken 219 times
  • The average score is 7 of 14
Answers on the Grid
Answers color-coded by a green-red scale on the quiz's grid according to % correct below.
USA and Canada
Brazil and Chile
France and Spain
Serbia and Russia
Algeria and Nigeria
Vietnam and Laos
Iran and Iraq
Jamaica and Cuba
Honduras and Nicaragua
Mexico and Panama
Guyana and Suriname
Italy and Germany
Sweden and Russia
Liechtenstein and Switzerland
Estonia and Lithuania
Ukraine and Czech Republic
India and Nepal
Turkmenistan and Pakistan
Sudan and Ethiopia
Paraguay and Uruguay
Belarus and Hungary
Turkey and Syria
Thailand and Bangladesh
Burkina Faso and Ivory Coast
Spain and Portugal
South Korea and China
Slovenia and Slovakia
Egypt and LIbya
Australia and Indonesia
Oman and Saudi Arabia
 
Answer Stats
Answer % Correct
USA and Canada
98%
France and Spain
74%
Iran and Iraq
58%
Vietnam and Laos
58%
India and Nepal
49%
Spain and Portugal
47%
Egypt and LIbya
45%
Guyana and Suriname
44%
Liechtenstein and Switzerland
44%
Honduras and Nicaragua
43%
Oman and Saudi Arabia
43%
Turkey and Syria
35%
Burkina Faso and Ivory Coast
30%
Sudan and Ethiopia
28%
No matching quizzes found
Score Distribution
Percent of People with Each Score
Percentile by Number Answered
Your Score History
You have not taken this quiz